000 00304nam a2200121Ia 4500
008 191201s2009 xx 000 0 und d
100 _aMOHANPRAKASH,N.R.
245 0 _aEntrepreneurial development M B A SEM.-4
260 _aN. delhi
_bVikas Pub
_c2009
300 _a306
650 _aMBA
942 _2ddc
_cBK
_01
999 _c263
_d263